Medzinárodné zdanenie medzi Slovenskou republikou a Českou republikou

Otázky medzinárodného zdanenia v súčasnej podnikateľskej praxi. Aplikácia medzinárodného zdanenia v odbore daní z príjmov v slovensko - českých obchodných vzťahoch. Znenie medzinárodnej zmluvy medzi Slovenskou republikou a Českou republikou o zamedzení dvojakého zdanenia s komentárom. Niektoré otázk...

Descrizione completa

Salvato in:
Dettagli Bibliografici
Autore principale: Pastierik, Vladimír
Natura: Capitolo di libro
Lingua:slovacco
Soggetti:
Tags: Aggiungi Tag
Nessun Tag, puoi essere il primo ad aggiungerne!!

MARC

LEADER 00000naa a2200000 4500
001 r030677
005 20230919081051.8
041 0 |a slo 
044 |a SK 
245 1 0 |a Medzinárodné zdanenie medzi Slovenskou republikou a Českou republikou  |c Vladimír Pastierik 
520 |a Otázky medzinárodného zdanenia v súčasnej podnikateľskej praxi. Aplikácia medzinárodného zdanenia v odbore daní z príjmov v slovensko - českých obchodných vzťahoch. Znenie medzinárodnej zmluvy medzi Slovenskou republikou a Českou republikou o zamedzení dvojakého zdanenia s komentárom. Niektoré otázky a odpovede z praxe. 
610 2 0 |a zdanenie dvojité 
610 2 0 |a zmluvy medzinárodné 
610 2 0 |a Slovensko 
610 2 0 |a Česko 
610 2 0 |a dane z príjmov 
610 2 0 |a dane majetkové 
100 1 |a Pastierik, Vladimír